Lautrec / (Record no. 178053)

MARC details
000 -LEADER
campo de control de longitud fija 00780nam a2200241 i 4500
001 - NÚMERO DE CONTROL
campo de control 178053
003 - IDENTIFICADOR DE NÚMERO DE CONTROL
campo de control ES-MaACL
005 - FECHA Y HORA DE LA ÚLTIMA TRANSACCIÓN
campo de control 20230906220455.0
007 - CAMPO FIJO DE DESCRIPCIÓN FÍSICA--INFORMACIÓN GENERAL
campo de control de longitud fija t|
008 - DATOS DE LONGITUD FIJA--INFORMACIÓN GENERAL
campo de control de longitud fija 110516s1966 sp ac ||||1| spa d
080 ## - NÚMERO DE LA CLASIFICACIÓN DECIMAL UNIVERSAL
Número de la Clasificación Decimal Universal 75 Toulouse-Lautrec, Henri de
100 1# - ENTRADA PRINCIPAL--NOMBRE DE PERSONA
Nombre de persona Cogniat, Raymond.
9 (RLIN) 39478
245 10 - MENCIÓN DEL TÍTULO
Título Lautrec /
Mención de responsabilidad, etc. Raymond Cogniat ; [traducción de Juan-Ernesto Vinardell].
260 ## - PUBLICACIÓN, DISTRIBUCIÓN, ETC.
Lugar de publicación, distribución, etc. Madrid [etc.] :
Nombre del editor, distribuidor, etc. Daimon, Manuel Tamayo,
Fecha de publicación, distribución, etc. cop. 1966.
300 ## - DESCRIPCIÓN FÍSICA
Extensión 46, [2] p. :
Otras características físicas il. col. y n. ;
Dimensiones 19 cm.
490 1# - MENCIÓN DE SERIE
Mención de serie Pequeñas monografías
500 ## - NOTA GENERAL
Nota general Índice.
600 14 - PUNTO DE ACCESO ADICIONAL DE MATERIA--NOMBRE DE PERSONA
Nombre de persona Toulouse-Lautrec, Henri de.
9 (RLIN) 111132
700 1# - ENTRADA AGREGADA--NOMBRE PERSONAL
Nombre de persona Vinardell, Juan Ernesto.
9 (RLIN) 115298
830 0# - PUNTO DE ACCESO ADICIONAL DE SERIE-TÍTULO UNIFORME
Título uniforme Pequeñas monografías
9 (RLIN) 190708
852 ## - LOCALIZACIÓN
Ubicación ES-MaACL
Número de control de estantería E-15095
Encuadernación Olim P-1253
Holdings
Estatus retirado Estado de pérdida Estado de daño No para préstamo Biblioteca de origen Biblioteca actual Ubicación en estantería Fecha de adquisición Fuente de adquisición Total de préstamos Signatura topográfica completa Código de barras Visto por última vez Precio de reemplazo Tipo de ítem Koha
        Biblioteca del Ateneo de Madrid Biblioteca del Ateneo de Madrid Depósito 2 16/05/2011     E-15095 1187045 23/02/2023 23/02/2023 Libro impreso